000 00506nam a2200217Ia 4500
003 OSt
005 20221005132028.0
006 a|||||r|||| 00| 0
007 ta
008 221004b |||||||| |||| 00| 0 eng d
024 _a55143
037 _cTextual
040 _aCRL
_cCRL
_beng
041 _2eng
_aeng
082 _aT:3:P, J7
245 0 _aTeaching a modern language
260 _c1957
650 _aTEACHING
_934578
942 _hT:3:P, J7
_cTEXL
_2cc
999 _c1062225
_d1062225